| 000 | 02951cam a22006134a 4500 | ||
|---|---|---|---|
| 001 | 39212 | ||
| 005 | 20230410101710.0 | ||
| 008 | 010815s2002 caua bkq s001 0 eng | ||
| 010 | _a 2001005016 | ||
| 035 | _a(OCoLC)ocm47863158 | ||
| 040 |
_aDLC _cDLC _dUKM _dC#P _dMUQ _dBAKER _dBTCTA _dIG# |
||
| 015 | _aGBA2-Y2508 | ||
| 019 | _a49737687 | ||
| 020 | _a0520228227 (cloth : alk. paper) | ||
| 029 | 1 |
_aUKM _bbA2Y2508 |
|
| 029 | 1 |
_aUKM _bbA230774 |
|
| 029 | 1 |
_aNLGGC _b236446096 |
|
| 029 | 1 |
_aIG# _b0520228227 |
|
| 029 | 1 |
_aIG# _b0520228235 |
|
| 035 |
_a(OCoLC)47863158 _z(OCoLC)49737687 |
||
| 042 | _apcc | ||
| 043 | _anwht--- | ||
| 050 | 1 | 4 |
_a110 ML 3565 _bM478r 2002 |
| 082 | 0 | 0 | _a784.4/97294 |
| 100 | 1 | _aMcAlister, Elizabeth A. | |
| 245 | 1 | 0 |
_aRara! : _bvodou, power, and performance in Haiti and its diaspora / _cElizabeth McAlister. |
| 260 |
_aBerkeley : _bUniversity of California Press, _c2002. |
||
| 300 |
_axviii, 259 p. : _bill. ; _c24 cm. + _e1 sound disc (digital ; 4 3/4 in.) |
||
| 504 | _aIncludes bibliographical references (p. 237-246), discography (p. 246-248), videography (p. 248), and index. | ||
| 505 | 0 | _aIntroducing rara -- Work and play, pleasure and performance -- Vulgarity and the politics of the small man -- Mystical work : spirits on parade -- Rara and "the Jew" : premodern anti-Judaism in postmodern Haiti -- Rara as popular army : hierarchy, militarism, and warfare -- Voices under domination : rara and the politics of insecurity -- Rara in New York City : transnational popular culture. | |
| 650 | 0 |
_aRara Festival _xSongs and music _xHistory and criticism. |
|
| 650 | 0 |
_aVoodoo music _zHaiti _xHistory and criticism. |
|
| 650 | 0 |
_aFolk music _zHaiti _xHistory and criticism. |
|
| 650 | 0 |
_aFolk songs, Creole _zHaiti _xHistory and criticism. |
|
| 650 | 0 |
_aHaiti _xSocial life and customs _y20th century. |
|
| 650 | 0 |
_aHaiti _xSocial conditions _y1971- |
|
| 650 | 6 |
_aRara (Fãete) _vChants et musique _xHistoire et critique. |
|
| 650 | 6 |
_aMusique vaudoue _zHaiti _xHistoire et critique. |
|
| 650 | 6 |
_aMusique folklorique _zHaiti _xHistoire et critique. |
|
| 650 | 6 |
_aChansons folkloriques crâeoles _zHaiti _xHistoire et critique. |
|
| 650 | 6 |
_aHaiti _xMoeurs et coutumes _y20e siecle. |
|
| 651 | 6 |
_aHaiti _xConditions sociales _y1971- |
|
| 650 | 4 | _aCEH | |
| 650 | 4 | _aColección Estudios Haitianos | |
| 856 | 4 | 2 |
_3Contributor biographical information _uhttp://www.loc.gov/catdir/bios/ucal052/2001005016.html |
| 856 | 4 | 1 |
_3Table of contents _uhttp://www.loc.gov/catdir/toc/ucal041/2001005016.html |
| 856 | 4 | 2 |
_3Publisher description _uhttp://www.loc.gov/catdir/description/ucal042/2001005016.html |
| 938 |
_aBaker & Taylor _bBKTY _c24.95 _d24.95 _i0520228235 _n0003791178 _sactive |
||
| 938 |
_aBaker & Taylor _bBKTY _c60.00 _d60.00 _i0520228227 _n0003791177 _sactive |
||
| 938 |
_aBaker and Taylor _bBTCP _n2001005016 |
||
| 938 |
_aIngram _bINGR _n0520228235 |
||
| 942 |
_2lcc _cbk |
||
| 994 |
_aC0 _bDRFGD |
||
| 999 |
_c12313 _d12313 |
||